000 00584nam a2200193Ii 4500
003 JO-AjNU
008 230606s9999||||xx |||||||||||||| ||und||
040 _aJO-AjNU
_beng
_erda
_cJO-AjNU
041 _aeng
050 1 4 _aHV553 2014
100 3 _aEdited:Ferrao,Ranjana,
_eauthor
_94415
245 0 0 _aDisaster Management
264 3 1 _aNew Delhi: Aph Publishing Corporation,2014
300 _a102p
_bIncludes references (p88-102)
336 _atext
_btxt
_2rdacontent
337 _aunmediated
_bn
_2rdamedia
338 _avolume
_bnc
_2rdacarrier
650 4 _aDisaster Management
_94416
999 _aE2293
_c2291
_d2291